Responses for Show #8483 - Wednesday, October 6, 2021

Matt Amodio game 36.

Contestants

[<< previous game]

Casey Brown, a marketing manager from Long Beach, California

David Garcia, an IT communications strategy team lead from Troy, Michigan

Matt Amodio, a Ph.D. student from New Haven, Connecticut (whose 35-day cash winnings total $1,400,801)

[next game >>]

Jeopardy! Round responses

1800s U.S. HISTORY
IN THAT BIBLE BOOK
____ & ____
GET A HOBBY
WE ARE TV FAMILY
DOUBLE THE SAME VOWEL WORDS
    $200 30
Adams

Matt
    $200 29
Exodus

Matt
    $200 28
Tom & Jerry

Matt
    $200 27
a stamp

David
    $200 20
Roseanne

Matt
    $200 26
a bazaar

David
    $400 23
Buffalo Bill

Matt
    $400 22
Matthew

Matt
    $400 24
Johnson & Johnson

Matt
    $400 25
Transcendental Meditation

Casey
    $400 18
[NOTE: Matt did not include the leading article in his correct response.]

The Simpsons

Matt
    $400 14
cuckoo

Matt
    $600 16
(Matt: What is Cedars-Sinai?)

Mount Sinai

MattDavid
    $600 15
Acts

Matt
    $600 19
Dungeons & Dragons

Casey
    $600 21
(Mayim: Or, [**], yes.)

tomato (tomahto)

Matt
    $600 17
Bryan Cranston

David
    $600 13
fasciitis

David
    $800 8
tariff

Matt
    $800 7
Esther

Matt
    $800 9
Punch & Judy

Matt
    $800 10
(David: What is [**]?)
(Matt: What's 90 degrees?)
[David was credited with a correct response after the break and Matt's incorrect response was credited as a non-event.]

45 degrees (bias)

David
    $800 11
[NOTE: Matt did not include the leading article in his response.]

The Goldbergs

Matt
    $800 12
(Matt: What's... keen?)

twee

Matt
Triple Stumper
    $1,000 1
(Mayim: Something you are not doing yet; that's correct.)

panic

Matt
    $1000 2
Joshua

Matt
    $1000 3
Kavalier & Clay

Matt
    $1000 4
darts

Triple Stumper
    $1000 5
Arrested Development

Casey
    $1000 6
naan

Matt

Scores at the first commercial break (after clue 16):

Matt David Casey
$6,800 $2,000 $1,000

Scores at the end of the Jeopardy! Round:

Matt David Casey
$9,800 $3,000 $2,000

Double Jeopardy! Round responses

PENINSULAS
BY A ONE-NAMED WRITER
SO VERY COLD
COLLEGES & UNIVERSITIES
THE 1991 GRAMMYS
INTERPLANETARY WORDS
(Mayim: All or the majority of a planet's name will be in each response.)
    $400 25
(Matt: What's... Bronx?)

Long Island

Matt
Triple Stumper
    $400 26
Madonna

Matt
    $400 27
sound

Matt
    $400 30
the University of Oregon

Casey
    $400 28
Metallica

Casey
    $400 29
(Mayim: Yes, obviously with Earth.)

earthenware

Matt
    $800 20
Venezuela

Matt
    $3,200 4
the Cyclops

Casey
    $800 21
absolute zero

Matt
    $800 22
Tuskegee

Matt
    $800 23
(Mayim: Can't forget that hair, yes.)
[Laughter]

Bolton

Matt
    $800 24
(Mayim: Yes, with Mars.)

marsupial

Matt
    $1200 6
Persian Gulf

Matt
    $1200 3
the one-child policy

Casey
    $1200 17
jet stream

Matt
    $1200 5
Occidental

Matt
    $1200 18
(Bonnie) Raitt

Matt
    $1200 19
(Mayim: Correct, with Mercury in the response.)

mercurial

Matt
    $1600 2
Dakar

Matt
    $1600 1
Chandler

Matt
    $1600 15
Birdseye

Matt
    $1600 14
Illinois Institute of Technology

Matt
    $1600 16
(Natalie) Cole

Matt
    $1600 12
(Mayim: With Saturn.)

saturnine

Triple Stumper
    $6,000 7
Kamchatka

Matt
    $2000 8
Colette

Matt
    $2000 9
(Matt: What's... superfluid?)

superconductor

Matt
Triple Stumper
    $2000 10
Oberlin

Matt
    $2000 13
DJ Jazzy Jeff

Matt
    $2000 11
(Mayim: Correct response--[*], which contains Venus.)

parvenus

Triple Stumper

Scores at the end of the Double Jeopardy! Round:

Matt David Casey
$38,600 $3,000 $7,200
(lock game)

[wagering suggestions for these scores]

Final Jeopardy! Round responses

HISTORIC CALENDARS
(Mayim: The revolutionaries hoped to change the world with a more rational and scientific approach, even down to their calendar.)
DavidWhat is ??
$0
CaseyWhat is August?
$1,000
MattWhat is August?
$22,000
Thermidor

Final scores:

Matt David Casey
$16,600 $3,000 $6,200
36-day champion: $1,417,401 3rd place: $1,000 2nd place: $2,000

Game dynamics:

Coryat scores:

Matt David Casey
$34,600 $3,000 $4,800
41 R
(including 2 DDs),
4 W
6 R,
0 W
7 R
(including 1 DD),
0 W

Combined Coryat: $42,400

[game clues] [game scores] [suggest correction]

Game tape date: 2021-08-27
The J! Archive is created by fans, for fans. Scraping, republication, monetization, and malicious use prohibited; this site may use cookies and collect identifying information. See terms. The Jeopardy! game show and all elements thereof, including but not limited to copyright and trademark thereto, are the property of Jeopardy Productions, Inc. and are protected under law. This website is not affiliated with, sponsored by, or operated by Jeopardy Productions, Inc. Join the discussion at JBoard.tv.